| 000 | 00761nam a2200217Ii 4500 | ||
|---|---|---|---|
| 003 | JO-AjNU | ||
| 008 | 230605s9999||||xx |||||||||||||| ||und|| | ||
| 017 | _a1990/5492 | ||
| 020 | _a977-5120-11 | ||
| 040 |
_aJO-AjNU _bara _erda _cJO-AjNU |
||
| 041 | _aara | ||
| 050 | 1 | 4 | _aTT99.7.M3364 1990 |
| 100 | 3 |
_aالمهدي، عنايات , _eauthor _97246 |
|
| 245 | 0 | 0 | _aفن الحفر على الخشب طريقة التنفيذ مع تصميمات معدة للحفر وعرض الموضوعات تامة التنفيذ |
| 264 | 3 | 1 | _aالبحرين:دار الحكمة ، 1990 |
| 300 | _a204ص | ||
| 336 |
_atext _btxt _2rdacontent |
||
| 337 |
_aunmediated _bn _2rdamedia |
||
| 338 |
_avolume _bnc _2rdacarrier |
||
| 650 | 4 |
_aالحفر على الخشب _97247 |
|
| 999 |
_aA183 _c3751 _d3751 |
||